000 01015cam a2200313 a 4500
999 _c8010
_d8010
001 8010
003 BD - JhCC
005 20180717082921.0
008 970226s1998 nyu b 000 0 eng
035 _a(BD - JhCC)8010
035 _a(OCoLC)36509517
040 _aDLC
_cDLC
_dC#P
_dUMC
_dMYG
_dBD - JhCC
041 _aeng
050 0 4 _aPR2751
_b.A1525 1997
082 0 0 _a822.3/3
_221
_bSHA 1997
100 1 _aShakespeare, William,
_d1564-1616.
245 1 4 _aThe merchant of Venice /
_cby William Shakespeare ; prepared & annotated by Neil Freeman.
260 _aNew York :
_bApplause,
_cc1998.
300 _aliii p., 96 leaves ;
_c24 cm.
490 1 _aApplause first folio editions
490 1 _aApplause Shakespeare library. Folio texts
500 _a"An Applause original"--T.p. verso.
504 _aIncludes bibliographical references (p. lii).
650 0 _aJews
_zItaly
_zVenice
_vDrama.
700 1 _aFreeman, Neil.
830 0 _aApplause first folio editions.
942 _2ddc
_cBK